| 000 | 01903nam a22005413a 4500 | ||
|---|---|---|---|
| 001 | 20666 | ||
| 003 | VRT | ||
| 005 | 20260128150457.0 | ||
| 008 | 160601s2016 yu g 000 j slo d | ||
| 020 | _a9788651703143 (brož.) | ||
| 035 | _aa000561649 | ||
| 039 | 9 |
_a201702171350 _bedita _c201702171345 _dedita _c201610050923 _ddrlickoj _c201609271258 _dpechova |
|
| 040 |
_aUKB _bslo _cUKB _eAACR2 |
||
| 041 | 0 | _aslo | |
| 044 |
_ayu _cRS _axo _cSK |
||
| 072 | 7 |
_a821.162.4-3 _xSlovenská próza _2konspekt |
|
| 080 |
_a821.162.4-32 _22004 |
||
| 080 |
_a(0:82-32) _22004 |
||
| 100 | 1 |
_aJesenský, Janko, _d1874-1945 |
|
| 245 | 1 | 0 |
_aMalomestské rozprávky _cJanko Jesenský |
| 250 | _a1. vyd. | ||
| 260 |
_a[Beograd] _bLiber Novus _c2016 |
||
| 300 | _a63 s. | ||
| 490 | 1 |
_aSlovenská klasika _v10 |
|
| 500 | _aVyd. v spolupr. s Ringier Axel Springer Slovakia | ||
| 500 | _aVyd. pre denník Nový Čas v rámci proj. Nový Čas Knižnica | ||
| 653 | _a821.162.4-32 | ||
| 653 | _a(0:82-32) | ||
| 655 | 7 |
_aslovenské poviedky _2UKBPH |
|
| 830 | 0 | _aSlovenská klasika | |
| 910 | _aukb | ||
| 942 |
_2ddc _cKLDO _n0 |
||
| 949 |
_61800688544 _aSJ.D.07264 _bPV.2016-7840 |
||
| 949 |
_61800688545 _aSK.D.74376 _bPV.2016-7841 _s6707:20161007 |
||
| 949 |
_61800688546 _a33.D.33059 _bDD.2016-371 |
||
| 949 |
_61800688547 _a33.D.33059 _bDD.2016-372 |
||
| 949 |
_61800688548 _a33.D.33059 _bDD.2016-373 |
||
| 949 |
_61800688549 _a33.D.33059 _bDD.2016-374 |
||
| 949 |
_61800688550 _a33.D.33059 _bDD.2016-375 |
||
| 949 |
_61800688551 _a33.D.33059 _bDD.2016-376 |
||
| 949 |
_61800688552 _a33.D.33059 _bDD.2016-377 |
||
| 949 |
_61800716624 _a33.D.33059 _bDD.2017-33 |
||
| 949 |
_61800716625 _a33.D.33059 _bDD.2017-34 |
||
| 949 |
_61800716626 _a33.D.33059 _bDD.2017-35 |
||
| 949 |
_61800716627 _a33.D.33059 _bDD.2017-36 |
||
| 949 |
_61800716628 _a33.D.33059 _bDD.2017-37 |
||
| 949 |
_61800716629 _a33.D.33059 _bDD.2017-38 |
||
| 999 |
_c20666 _d20666 |
||